Dynamics of the language: philosophy of the world of words (Record no. 1230215)

MARC details
000 -LEADER
fixed length control field 00695nam a2200217Ia 4500
005 - DATE AND TIME OF LATEST TRANSACTION
control field 20241129111401.0
008 - FIXED-LENGTH DATA ELEMENTS--GENERAL INFORMATION
fixed length control field 241129s9999||||xx |||||||||||||| ||und||
020 ## - INTERNATIONAL STANDARD BOOK NUMBER
International Standard Book Number 978-81-246-1074-9
037 ## - SOURCE OF ACQUISITION
Stock number REF
040 ## - CATALOGING SOURCE
Original cataloging agency CRL
Language of cataloging eng
Transcribing agency CRL
041 ## - LANGUAGE CODE
Language code of text/sound track or separate title eng
Source of code eng
084 ## - COLON CLASSIFICATION NUMBER
Classification number P:(R), R2.1-.2(RR)
Assigning agency CRL
100 ## - MAIN ENTRY--PERSONAL NAME
Personal name Tiwari Devendra Nath Au.
245 #0 - TITLE STATEMENT
Title Dynamics of the language: philosophy of the world of words
Statement of responsibility, etc. Tiwari Devendra Nath Au.
260 ## - PUBLICATION, DISTRIBUTION, ETC.
Place of publication, distribution, etc. New Delhi, India
Name of publisher, distributor, etc. D. K. Printworld
Date of publication, distribution, etc. 2022
365 ## - TRADE PRICE
Price type code INR
Price amount 4000
490 ## - SERIES STATEMENT
Series statement Philosophy of the world of words; 1,2
Volume/sequential designation Vol. 1
650 ## - SUBJECT ADDED ENTRY--TOPICAL TERM
Topical term or geographic name entry element Linguistic
9 (RLIN) 558313
942 ## - ADDED ENTRY ELEMENTS (KOHA)
Koha item type Reference
Classification part P:(R), R2.1-.2(RR)
Holdings
Withdrawn status Lost status Damaged status Not for loan Home library Current library Date acquired Source of acquisition Cost, normal purchase price Inventory number Total Checkouts Full call number Barcode Date last seen Price effective from Koha item type
        Central Library Central Library 2024-11-29 Oriental Book Company 4000.00 37 & 30/01/2024   P:(R), R2.1-.2(RR) CL1681018 2024-11-29 2024-11-29 Reference
Copyright @ Delhi University Library System